| 000 | 01006nam a22001937a 4500 | ||
|---|---|---|---|
| 999 |
_c11722 _d11722 |
||
| 003 | AR-CdUCM | ||
| 008 | 190403b ||||| |||| 00| 0 spa d | ||
| 040 |
_aMUNICIPALIDAD PROVINCIAL DEL CUSCO _cBIBLIOTECA MUNICIPAL DEL CUSCO |
||
| 082 |
_23ed. _a909.4 / _bD18 / 1863 |
||
| 100 |
_aDrioux _928466 |
||
| 245 |
_aCompendio de la historia moderna : _bdesde la toma de Constantinopla hasta la caída del imperio de Napoleón / |
||
| 260 |
_aParís : _bDe rosa y bouret, _c1863. |
||
| 300 |
_a571 páginas ; _c17 cm. |
||
| 505 | _aContenido: De la Francia desde la expulsión de los ingleses hasta la muerte de Luis XI -- De la Escocia desde el advenimiento de los estuardos hasta la muerte de Jaime IV -- De la España y del Portugal y de sus descubrimientos hasta la muerte de Fernando el Católico -- De la Turquía y de los estados esclavos desde la muerte de Soliman... | ||
| 650 |
_aHistoria moderna _912930 |
||
| 650 |
_aHistoria de Europa _98184 |
||
| 942 |
_2ddc _cLIBROS |
||
| 945 |
_awnts _d2019-04-04 |
||